Русские народные сказки: в 3 т.
| Άλλοι συγγραφείς: | |
|---|---|
| Γλώσσα: | Ρωσικά |
| Έκδοση: |
Москва, Советская Россия, 1992
|
| Έκδοση: | 2-е изд. |
| Μορφή: | Βιβλίο |
| KOHA link: | https://koha.lib.tpu.ru/cgi-bin/koha/opac-detail.pl?biblionumber=105757 |
MARC
| LEADER | 00000nam1a2200000 4500 | ||
|---|---|---|---|
| 001 | 105757 | ||
| 005 | 20231031114618.0 | ||
| 010 | |a 5268008528 | ||
| 035 | |a (RuTPU)RU\TPU\book\114117 | ||
| 035 | |a RU\TPU\book\94862 | ||
| 090 | |a 105757 | ||
| 100 | |a 20061121d1992 m y0rusy50 ca | ||
| 101 | 0 | |a rus | |
| 102 | |a RU | ||
| 200 | 1 | |a Русские народные сказки |e в 3 т. |f сост. Ю. Г. Круглов | |
| 205 | |a 2-е изд. | ||
| 210 | |a Москва |c Советская Россия |d 1992 | ||
| 702 | 1 | |a Круглов |b Ю. Г. |4 220 | |
| 801 | 1 | |a RU |b 63413507 |c 20051224 |g PSBO | |
| 801 | 2 | |a RU |b 63413507 |c 20061206 |g PSBO | |
| 942 | |c BK | ||